| 000 | 00548cam a22001692a 4500 | ||
|---|---|---|---|
| 001 | 001401 | ||
| 003 | AR-FADEU | ||
| 008 | 311216n2013####xxu####################dd | ||
| 100 | _aFava Signorini, Marianela | ||
| 245 | _a¿Amor al arte o turismo cultural? : Estrategias para pensar el diseño de Políticas culturales del MNBA sede Neuquén | ||
| 260 | _bUniversidad Nacional del Comahue | ||
| 260 | _aNeuquén | ||
| 260 | _c2013 | ||
| 440 | _aTesis de Comunicacion Social | ||
| 650 | _aBELLAS ARTES; MUSEO/COMUSOCIAL-TESIS/ | ||
| 942 | _cFOLLETO | ||
| 999 |
_c1886 _d1886 |
||